Long lash / (Record no. 144072)

MARC details
000 -LEADER
campo de control de longitud fija 00557nam a2200181 4500
001 - NÚMERO DE CONTROL
campo de control 144072
003 - IDENTIFICADOR DE NÚMERO DE CONTROL
campo de control ES-MaACL
005 - FECHA Y HORA DE LA ÚLTIMA TRANSACCIÓN
campo de control 20230906200933.0
007 - CAMPO FIJO DE DESCRIPCIÓN FÍSICA--INFORMACIÓN GENERAL
campo de control de longitud fija t|
008 - DATOS DE LONGITUD FIJA--INFORMACIÓN GENERAL
campo de control de longitud fija 070214s1947 xxu r ||||1| eng d
100 1# - ENTRADA PRINCIPAL--NOMBRE DE PERSONA
Nombre de persona Shurtleff, Bertrand.
9 (RLIN) 106175
245 10 - MENCIÓN DEL TÍTULO
Título Long lash /
Mención de responsabilidad, etc. by Bertrand Shurtleff ; jacket drawing and illustrations by Diana Thorne.
250 ## - MENCION DE EDICION
Mención de edición 1ª. ed.
260 ## - PUBLICACIÓN, DISTRIBUCIÓN, ETC.
Lugar de publicación, distribución, etc. Indianapolis (USA) :
Nombre del editor, distribuidor, etc. The Bobbs Merrill Comp.,
Fecha de publicación, distribución, etc. 1947.
300 ## - DESCRIPCIÓN FÍSICA
Extensión 273 p. ;
Dimensiones 21 cm.
700 1# - ENTRADA AGREGADA--NOMBRE PERSONAL
Nombre de persona Thorne, Diana.
9 (RLIN) 110146
852 ## - LOCALIZACIÓN
Ubicación ES-MaACL
Número de control de estantería C-25566
Sublocalización o colección R.54131
Holdings
Estatus retirado Estado de pérdida Estado de daño No para préstamo Biblioteca de origen Biblioteca actual Ubicación en estantería Fecha de adquisición Fuente de adquisición Total de préstamos Signatura topográfica completa Código de barras Visto por última vez Precio de reemplazo Tipo de ítem Koha
        Biblioteca del Ateneo de Madrid Biblioteca del Ateneo de Madrid Depósito 2 17/01/2008     C-25566 1149896 23/02/2023 23/02/2023 Libro impreso